| 000 | 00967cam a22002651a 4500 | ||
|---|---|---|---|
| 001 | 000018295 | ||
| 005 | 20200929165436.0 | ||
| 008 | 760311s1903 nyuaf 000 0 lat | ||
| 010 | _a03019672 | ||
| 035 | _a(OCoLC)2044700 | ||
| 040 |
_aDO-SdBNP _cTxShA _dOCoLC _dPPiU _dDLC |
||
| 041 | 0 | _alateng | |
| 050 | 0 | 0 |
_aPA2095 _b.R5 1903 |
| 100 | 1 |
_aRitchie, F. _q(Francis) _939620 |
|
| 240 | 1 | 0 |
_aFabulae faciles. _f1903 |
| 245 | 1 | 0 |
_aRitchie's fabulae faciles : _ba first Latin reader / _cedited with notes and a vocabulary by John Copeland Kirtland, Jr. |
| 250 | _aAuthorized ed. | ||
| 260 |
_aNew York : _bLongmans, Green, and Co., _c1903. |
||
| 300 |
_axvi, 134 p., [3] leaves of plates ; : _bill. ; _c19 cm. |
||
| 500 | _a"The myths in English literature": p. xiii-xiv. | ||
| 500 | _a"The myths in art": p. xv-xvi. | ||
| 650 | 0 |
_aLatin language _xReaders _xMythology. _939621 |
|
| 700 | 1 |
_aKirtland, John Copeland, _d1870- _939622 |
|
| 910 | _aCatalogación derivada | ||
| 999 |
_c17816 _d17816 |
||